| 000 | 01206aam a2200313ui 4500 | ||
|---|---|---|---|
| 001 | 200450151 | ||
| 003 | TR-AnTOB | ||
| 005 | 20251225151531.0 | ||
| 007 | ta | ||
| 008 | 221001s2022 tu a g 000*0 tur d | ||
| 020 | _a9786057339904 | ||
| 040 |
_aTVK _btur _erda _cTVK _dTR-AnTOB |
||
| 041 | 0 |
_atur _aeng |
|
| 050 | 4 | _aDR738.5.A83 | |
| 090 |
_aDR738.5.A83 _bI58 2022 |
||
| 111 | 2 |
_aInternational City and History Symposium on Avcılar _d(2021 : _cİstanbul) _9151259 |
|
| 240 | 0 | 0 |
_aUluslararası Avcılar Kent ve Tarih Sempozyumu : 21-22 Ekim 2021, Avcılar - İstanbul _lTürkçe |
| 245 | 0 | 0 |
_aInternational city and history symposium on Avcılar, 21-22 October 2021 = _bUluslararası Avcılar kent ve tarih sempozyumu, 21-22 Ekim 2021 / _ceditör Ülkü Kara, Haldun Aydıngün. |
| 264 | 1 |
_aİstanbul : _bAvcılar Belediye Başkanlığı, _c2022. |
|
| 300 |
_a341 pages : _billustrations ; _c28 cm |
||
| 336 |
_atext _btxt _2rdacontent |
||
| 337 |
_aunmediated _bn _2rdamedia |
||
| 338 |
_avolume _bnc _2rdacarrier |
||
| 490 | 0 |
_aAvcılar Belediyesi ; _vYayın No. 9 |
|
| 504 | _aBIB | ||
| 651 | 7 |
_aAvcılar (İstanbul, Türkiye) _xTarih. _9138765 |
|
| 942 |
_2lcc _cBK |
||
| 999 |
_c200450151 _d68363 |
||